Circuit Theory: Lectures 1-45, PHY-301, (04 CD's) (Record no. 9682)
[ view plain ]
| 000 -LEADER | |
|---|---|
| fixed length control field | 00381 a2200121 4500 |
| 040 ## - CATALOGING SOURCE | |
| Original cataloging agency | DLC |
| Language of cataloging | DLC |
| 082 ## - DEWEY DECIMAL CLASSIFICATION NUMBER | |
| Classification number | 621.3815 TAJ |
| 100 ## - MAIN ENTRY--PERSONAL NAME | |
| Personal name | Tajammul Hussain, Dr. |
| 245 ## - TITLE STATEMENT | |
| Title | Circuit Theory: Lectures 1-45, PHY-301, (04 CD's) |
| Statement of responsibility, etc. | Dr. Tajammul Hussain |
| 260 ## - PUBLICATION, DISTRIBUTION, ETC. | |
| Place of publication, distribution, etc. | Lahore |
| Name of publisher, distributor, etc. | Virtual University |
| Date of publication, distribution, etc. | 2005 |
| 500 ## - GENERAL NOTE | |
| General note | Lectures 1-10, 11-24, 25-36, 37-45 (04 CD's) |
| 942 ## - ADDED ENTRY ELEMENTS (KOHA) | |
| Koha item type | CD,DVDs |
| Call number prefix | 621.3815 TAJ |
| Source of classification or shelving scheme | |
| Withdrawn status | Lost status | Damaged status | Not for loan | Collection code | Permanent Location | Current Location | Shelving location | Date acquired | Source of acquisition | Cost, normal purchase price | Total Checkouts | Full call number | Barcode | Date last seen | Price effective from | Koha item type |
|---|---|---|---|---|---|---|---|---|---|---|---|---|---|---|---|---|
| Central Library (CL) | Central Library (CL) | General Stacks | 08/03/2005 | New Public Book | 30.00 | 621.3815 TAJ | SEECS006269 | 11/14/2012 | 01/05/2017 | CD,DVDs | ||||||
| Central Library (CL) | Central Library (CL) | General Stacks | 08/03/2005 | New Public Book | 30.00 | 621.3815 TAJ | SEECS006270 | 11/14/2012 | 01/05/2017 | CD,DVDs | ||||||
| Central Library (CL) | Central Library (CL) | General Stacks | 08/03/2005 | New Public Book | 30.00 | 621.3815 TAJ | SEECS006271 | 11/14/2012 | 01/05/2017 | CD,DVDs | ||||||
| Central Library (CL) | Central Library (CL) | General Stacks | 08/03/2005 | New Public Book | 30.00 | 621.3815 TAJ | SEECS006272 | 11/14/2012 | 01/05/2017 | CD,DVDs |
